Consumer Behavior : (Record no. 175312)

MARC details
000 -LEADER
fixed length control field 00636nam a22001937a 4500
005 - DATE AND TIME OF LATEST TRANSACTION
control field 20200824110950.0
010 ## - LCCN (DPL NO)
LC control number ENG-128367
020 ## - INTERNATIONAL STANDARD BOOK NUMBER
Terms of availability 649.00
International Standard Book Number 9789353437695
035 ## - SYSTEM CONTROL NUMBER
System control number EN-111899
037 ## - SOURCE OF ACQUISITION
Source of stock number/acquisition DBAD/PUB
082 ## - DEWEY DECIMAL CLASSIFICATION NUMBER
Classification number 658.8342
100 ## - MAIN ENTRY--PERSONAL NAME
Personal name Jain,Varsha
245 ## - TITLE STATEMENT
Title Consumer Behavior :
Statement of responsibility, etc by Arthur J. Keown
Remainder of title A Digital Native/
260 ## - PUBLICATION, DISTRIBUTION, ETC. (IMPRINT)
Place of publication, distribution, etc Noida
Name of publisher, distributor, etc Pearson
Date of publication, distribution, etc 2020
270 ## - ADDRESS
Address 15th floor,Tower-B,Word Trade Tower,Plot no.1,Block-C sec 16,
City Noida
Postal code 201301
Telephone number 04466540100
Electronic mail address companysecretary.india@pearson.com
300 ## - PHYSICAL DESCRIPTION
Extent xx;456p.
Dimensions 25cm(pbk)
500 ## - GENERAL NOTE
General note includes index
942 ## - ADDED ENTRY ELEMENTS (KOHA)
Source of classification or shelving scheme Dewey Decimal Classification
Item type English Books
Classification part 658.8342
Call number suffix JAI
Holdings
Withdrawn status Lost status Not for loan Collection code Home library Current library Date acquired Source of acquisition Cost, normal purchase price Full call number Barcode Copy number Cost, replacement price Koha item type
      Non-fiction Ashok Vihar Ashok Vihar 24/08/2020 DBAD/PUB 649.00 658.8342 JAI EN-111899 1 649.00 English Books

© Delhi Public Library
Hit Counter
free hit counter